| 000 | 02066nam a2200433 i 4500 | ||
|---|---|---|---|
| 001 | ebr10805749 | ||
| 003 | CaPaEBR | ||
| 006 | m o d | ||
| 007 | cr cn||||||||| | ||
| 008 | 130409s2013 gauab ob 101 0 eng d | ||
| 020 | _z9781589837980 | ||
| 020 | _a9781589837997 (e-book) | ||
| 040 |
_aCaPaEBR _beng _erda _epn _cCaPaEBR |
||
| 035 | _a(OCoLC)868915785 | ||
| 050 | 1 | 4 |
_aBS188 _b.K564 2013eb |
| 082 | 0 | 4 |
_a220.5/2038 _223 |
| 245 | 0 | 4 |
_aThe King James version at 400 : _bassessing its genius as Bible translation and its literary influence / _cedited by David G. Burke, John F. Kutsko, and Philip H. Towner. |
| 264 | 1 |
_aAtlanta : _bSociety of Biblical Literature, _c[2013] |
|
| 264 | 4 | _c�2013 | |
| 300 |
_a1 online resource (581 pages) : _billustrations, maps. |
||
| 336 |
_atext _2rdacontent |
||
| 337 |
_acomputer _2rdamedia |
||
| 338 |
_aonline resource _2rdacarrier |
||
| 490 | 1 |
_aSociety of Biblical Literature Biblical Scholarship in North America ; _vnumber 26 |
|
| 504 | _aIncludes bibliographies and index. | ||
| 588 | _aDescription based on print version record. | ||
| 590 | _aElectronic reproduction. Palo Alto, Calif. : ebrary, 2014. Available via World Wide Web. Access may be limited to ebrary affiliated libraries. | ||
| 630 | 0 | 0 |
_aBible. _lEnglish. _sAuthorized _xHistory _vCongresses. |
| 630 | 0 | 0 |
_aBible. _lEnglish. _sAuthorized _xInfluence _vCongresses. |
| 630 | 0 | 0 |
_aBible _xTranslating _vCongresses. |
| 655 | 0 | _aElectronic books. | |
| 700 | 1 | _aBurke, David G. | |
| 700 | 1 |
_aKutsko, John F., _d1963- |
|
| 700 | 1 |
_aTowner, Philip H., _d1953- |
|
| 776 | 0 | 8 |
_iPrint version: _tKing James version at 400. _dAtlanta : Society of Biblical Literature, [2013] _hxxiv, 553 pages : illustrations, maps ; 23 cm. _kBiblical scholarship in North America ; 26. _z9781589837980 _w(OCoLC)841187580 _w(DLC) 2013014407 |
| 797 | 2 | _aebrary. | |
| 830 | 0 |
_aBiblical scholarship in North America ; _vno. 26. |
|
| 856 | 4 | 0 |
_uhttp://site.ebrary.com/lib/rucke/Doc?id=10805749 _zAn electronic book accessible through the World Wide Web; click to view |
| 999 |
_c146465 _d146465 |
||